000 00364pab a2200157 454500
008 180718b1997 xxu||||| |||| 00| 0 eng d
100 _aNoorani, A.G.
245 _aJain report
260 _c1997
300 _ap.8; 22 Dec 1997, p.8; 23 Dec 1997, p.8
362 _a21 Dec
650 _aJudiciary
650 _aViolence
773 _aStatesman
909 _a36449
999 _c36449
_d36449